Statistics for 10 Biggest African Countries by Population

Click here to take the quiz!

General Stats

  • This quiz has been taken 77 times
  • The average score is 9 of 10

Answer Stats

PopulationCountry% Correct
54,957,000South Africa
100%
89,125,000Egypt
99%
181,563,000Nigeria
97%
99,391,000Ethiopia
93%
40,235,000Sudan
93%
39,670,000Algeria
91%
45,533,000Kenya
88%
51,046,000Tanzania
88%
77,267,000D. R. Congo
75%
37,102,000Uganda
63%

Score Distribution

Percentile by Number Answered

Percent of People with Each Score

Your Score History

You have not taken this quiz